Guessing the Taylor Swift Song 13 - Statistics

General Stats
  • This quiz has been taken 28 times
  • The average score is 260 of 347
Answer Stats
Answer % Correct
I
100%
you
100%
a
96%
go
96%
in
96%
of
96%
we
96%
an
91%
and
91%
And
91%
do
91%
love
91%
me
91%
on
91%
the
91%
The
91%
be
87%
can
87%
have
87%
I'm
87%
is
87%
it
87%
it"
87%
like
87%
Then
87%
then
87%
to
87%
too
87%
When
87%
will
87%
Will
87%
your
87%
you're
87%
How
83%
if
83%
I've
83%
know
83%
my
83%
say,
83%
say
83%
Who
83%
at
78%
for
78%
got
78%
had
78%
I'll
78%
it's
78%
It's
78%
night
78%
out
78%
"She
78%
she
78%
tell
78%
They
78%
they
78%
think
78%
want
78%
what
78%
18
74%
All
74%
are
74%
Are
74%
but
74%
But
74%
down
74%
down?
74%
feel
74%
middle
74%
till
74%
time
74%
up
74%
22?
70%
been
70%
fun
70%
her
70%
she's
70%
this
70%
young
70%
did
65%
drink
65%
everything
65%
From
65%
from
65%
long
65%
looks
65%
much
65%
nothing
65%
only
65%
person
65%
still
65%
through
65%
wake
65%
dream
61%
Girls,
61%
moving
61%
new?
61%
sky
61%
tonight
61%
way
61%
about
57%
can't
57%
cry
57%
eyes
57%
fly
57%
gonna
57%
seventeen
57%
while
57%
with
57%
actually
52%
become
52%
crying
52%
lost
52%
ones
52%
room
52%
sad
52%
She'll
52%
she'll
52%
affection
48%
Criticize
48%
cute
48%
faking
48%
fever
48%
hunt
48%
kind
48%
lights
48%
lose
48%
novelty
48%
Once
48%
once
48%
red
48%
slay
48%
sleep
48%
smiles
48%
blame
43%
breaking
43%
cheeks
43%
growing
43%
happy
43%
Lord
43%
map
43%
meet
43%
myself
43%
radiance
43%
roll
43%
someday
43%
someone
43%
they'll
43%
tired
43%
wonder
43%
youth
43%
else
39%
miss
39%
People
39%
Shoot
39%
soaring
39%
turning
35%
attention?
30%
biding
30%
ingenue
30%
sigh
30%
drive
26%
No matching quizzes found
Score Distribution
Percent of People with Each Score
Percentile by Number Answered
Your Score History
You have not taken this quiz